[Event "Monsaraz op"]
[Site "Monsaraz"]
[Date "2023.11.24"]
[Round "6"]
[White "Pon, Matt"]
[Black "Daneri, Martin"]
[Result "1-0"]
[WhiteElo "2185"]
[BlackElo "2004"]
[PlyCount "73"]
[EventDate "2023.11.21"]
[EventType "swiss"]
[EventRounds "9"]
[EventCountry "POR"]
[SourceTitle "CB49_2023"]
[SourceDate "2023.12.06"]
[SourceVersion "1"]
[SourceVersionDate "2023.12.06"]
[SourceQuality "1"]

1. e4 e6 2. d3 d5 3. Nd2 c5 4. Ngf3 Nc6 5. g3 Bd6 6. Bg2 Nge7 7. 0-0 0-0 8. Nh4 g5 9. Qg4 Ng6 10. Nxg6 hxg6 11. f4 gxf4 12. gxf4 Nd4 13. Qd1 dxe4 14. dxe4 f5 15. c3 Nc6 16. e5 Be7 17. Nc4 Qc7 18. Rf3 Kg7 19. Rg3 Rh8 20. Nd6 Bd7 21. Be3 Nd8 22. b4 cxb4 23. cxb4 Bc6 24. Rc1 Qb8 25. Qe2 Rh6 26. Bc5 Bh4 27. Rd3 Bxg2 28. Qxg2 Nc6 29. Nb5 Qc8 30. Rcd1 a6 31. Nd6 Qg8 32. Nxb7 Ne7 33. Rd8 Rxd8 34. Rxd8 Qh7 35. Rd7 Kf8 36. Bxe7+ Bxe7 37. Nd6 1-0

[Event "Santa Cruz Rio Turbio op"]
[Site "Santa Cruz"]
[Date "2023.06.18"]
[Round "3"]
[White "Daneri, Martin"]
[Black "Sosa, Ricardo Hugo"]
[Result "1/2-1/2"]
[WhiteElo "2052"]
[BlackElo "1906"]
[PlyCount "107"]
[EventDate "2023.06.17"]
[EventType "swiss"]
[EventRounds "7"]
[EventCountry "ARG"]
[SourceTitle "CBM 215 Extra"]
[Source "ChessBase"]
[SourceDate "2023.09.30"]
[SourceVersion "1"]
[SourceVersionDate "2023.09.30"]
[SourceQuality "1"]

1. e4 c5 2. Nc3 e6 3. f4 d5 4. Bb5+ Bd7 5. Qe2 dxe4 6. Nxe4 Nc6 7. Nf3 Qc7 8. 0-0 Be7 9. d3 Nf6 10. f5 Nxe4 11. fxe6 Bxe6 12. Qxe4 0-0-0 13. Bxc6 Qxc6 14. Qxc6+ bxc6 15. Ne5 Bf6 16. Nxc6 Rd7 17. Bf4 Bxb2 18. Rab1 Rb7 19. Nxa7+ Kd7 20. Be5 Rxa7 21. Rxb2 Rc8 22. c4 Ra3 23. Rb7+ Ke8 24. Rf3 Rd8 25. Rb3 Rxb3 26. axb3 f6 27. Bc7 Rd7 28. Bb6 Rb7 29. Bxc5 Rxb3 30. Kf2 Rb2+ 31. Kg3 Kf7 32. h3 Kg6 33. Bf2 Rd2 34. Kf4 Kf7 35. Ke3 Rc2 36. Kd4 Bc8 37. Ke3 Bb7 38. Rg3 f5 39. Be1 Bxg2 40. Kf4 Bc6 41. Re3 h6 42. Kxf5 Rh2 43. Ke5 Ke7 44. h4 g5 45. hxg5 hxg5 46. Kf5+ Kd6 47. Kxg5 Ba4 48. Kf6 Bd1 49. Re7 Kc6 50. Bg3 Rg2 51. Bf4 Rf2 52. Rc7+ Kb6 53. c5+ Kb5 54. Ke5 1/2-1/2

[Event "Santa Cruz Rio Turbio op"]
[Site "Santa Cruz"]
[Date "2023.06.17"]
[Round "2"]
[White "Colivoro Colivoro, Jorge"]
[Black "Daneri, Martin"]
[Result "0-1"]
[WhiteElo "1658"]
[BlackElo "2052"]
[PlyCount "42"]
[EventDate "2023.06.17"]
[EventType "swiss"]
[EventRounds "7"]
[EventCountry "ARG"]
[SourceTitle "CBM 215 Extra"]
[Source "ChessBase"]
[SourceDate "2023.09.30"]
[SourceVersion "1"]
[SourceVersionDate "2023.09.30"]
[SourceQuality "1"]

1. c4 e5 2. Nc3 Bb4 3. g3 Bxc3 4. bxc3 Nc6 5. Bg2 Nge7 6. e4 d6 7. Ne2 Be6 8. d3 Qd7 9. 0-0 0-0 10. f4 f5 11. Qb3 Rab8 12. Be3 b5 13. Qc2 bxc4 14. d4 fxe4 15. dxe5 dxe5 16. Rad1 Qe8 17. Bxe4 Bf5 18. fxe5 Qg6 19. Bxf5 Rxf5 20. Nf4 Rxf4 21. Qxg6 Rxf1+ 0-1

[Event "Rio Grande op 22nd"]
[Site "Rio Grande"]
[Date "2022.10.19"]
[Round "1"]
[White "Daneri, Martin"]
[Black "Zapata, Santino"]
[Result "1-0"]
[WhiteElo "2048"]
[BlackElo "1486"]
[PlyCount "61"]
[EventDate "2022.10.19"]
[EventType "swiss"]
[EventRounds "7"]
[EventCountry "ARG"]
[SourceTitle "EXT 2024"]
[Source "ChessBase"]
[SourceDate "2023.10.10"]
[SourceVersion "1"]
[SourceVersionDate "2023.10.10"]
[SourceQuality "1"]

1. d4 c5 2. d5 d6 3. c4 e5 4. Nc3 Be7 5. Nf3 Nf6 6. e4 0-0 7. Be2 Nbd7 8. 0-0 a6 9. a4 Re8 10. Ne1 Nf8 11. Rb1 Ng6 12. Nd3 Bd7 13. b4 b6 14. g3 Qc7 15. f4 exf4 16. gxf4 Bf8 17. bxc5 bxc5 18. f5 Ne5 19. Bg5 Nxc4 20. Rf4 Kh8 21. Bxf6 gxf6 22. Rh4 Be7 23. Kh1 Rg8 24. Nf4 Ne5 25. Qf1 Rg7 26. Qh3 Ng6 27. Nh5 Nxh4 28. Nxg7 Kxg7 29. Qxh4 Kh8 30. Bh5 Rf8 31. Bg6 1-0

[Event "Neuquen Las Balsas op"]
[Site "Neuquen"]
[Date "2022.06.18"]
[Round "3"]
[White "Larino Nieto, David"]
[Black "Daneri, Martin"]
[Result "0-1"]
[WhiteElo "2444"]
[BlackElo "2051"]
[PlyCount "88"]
[EventDate "2022.06.17"]
[EventType "swiss"]
[EventRounds "7"]
[EventCountry "ARG"]
[SourceTitle "CBM 208 Extra"]
[Source "ChessBase"]
[SourceDate "2022.07.31"]
[SourceVersion "1"]
[SourceVersionDate "2022.07.31"]
[SourceQuality "1"]

1. e4 e6 2. d4 d5 3. Nc3 Bb4 4. exd5 exd5 5. Qf3 Ne7 6. Bd3 Nbc6 7. Nge2 Be6 8. a3 Bxc3+ 9. bxc3 Qd7 10. 0-0 0-0-0 11. a4 Bf5 12. Rb1 Bxd3 13. Qxd3 Na5 14. Nf4 c6 15. Ba3 Rde8 16. Bc5 a6 17. Qg3 Nf5 18. Qh3 Nc4 19. Nd3 Re4 20. Ba7 Rh4 21. Qf3 Nd2 22. Qe2 Qd6 23. g3 Nxb1 24. Qf3 g6 25. Rxb1 Re4 26. Nc5 Re7 27. Nxa6 Rhe8 28. Kf1 bxa6 29. Bc5 Qc7 30. Qd3 Nd6 31. Qxa6+ Kd7 32. a5 Rb8 33. Bb6 Qc8 34. Qd3 Nc4 35. Rb3 Ke8 36. Kg2 Qf5 37. Qd1 Qe4+ 38. Kh3 h5 39. Qc1 Qg4+ 40. Kg2 Re2 41. Kg1 Qf3 42. Qf1 Nd2 43. c4 Nxb3 44. cxb3 Qe4 0-1

[Event "Florianopolis op 8th"]
[Site "Florianopolis"]
[Date "2022.01.27"]
[Round "5"]
[White "Daneri, Martin"]
[Black "Lira, Mateus Lavor"]
[Result "1-0"]
[WhiteElo "2069"]
[BlackElo "1750"]
[PlyCount "43"]
[EventDate "2022.01.24"]
[EventType "swiss"]
[EventRounds "10"]
[EventCountry "BRA"]
[SourceTitle "EXT 2023"]
[Source "ChessBase"]
[SourceDate "2022.10.05"]
[SourceVersion "1"]
[SourceVersionDate "2022.10.05"]
[SourceQuality "1"]

1. d4 d5 2. Bf4 Nf6 3. e3 c5 4. c3 Nc6 5. Nd2 e6 6. Bd3 Be7 7. Ngf3 Nh5 8. Be5 f6 9. Ng5 g6 10. Nxh7 Nxe5 11. dxe5 f5 12. g4 Rxh7 13. gxh5 Rxh5 14. Qe2 Bd7 15. 0-0-0 Qa5 16. Rdg1 Kf7 17. Kb1 Rah8 18. c4 Bc6 19. Nf3 Qb6 20. Rg3 a5 21. Rhg1 R5h6 22. Qc2 1-0

[Event "Castelldefels Llobregat op 2nd"]
[Site "Castelldefels"]
[Date "2021.12.02"]
[Round "3"]
[White "Garriga Cazorla, Pere"]
[Black "Daneri, Martin"]
[Result "1-0"]
[WhiteElo "2477"]
[BlackElo "2039"]
[PlyCount "77"]
[EventDate "2021.11.30"]
[EventType "swiss"]
[EventRounds "9"]
[EventCountry "ESP"]
[SourceTitle "CBM 205 Extra"]
[Source "ChessBase"]
[SourceDate "2022.01.31"]
[SourceVersion "1"]
[SourceVersionDate "2022.01.31"]
[SourceQuality "1"]

1. d4 Nf6 2. c4 g6 3. Nc3 Bg7 4. e4 d6 5. h3 0-0 6. Be3 b6 7. Bd3 c5 8. d5 e6 9. Nf3 exd5 10. exd5 Ne8 11. 0-0 f5 12. Bg5 Bf6 13. Bh6 Ng7 14. Re1 a6 15. Qd2 Ra7 16. Rab1 Re7 17. Rxe7 Qxe7 18. b4 Nd7 19. a4 Ne5 20. Nxe5 Qxe5 21. Ne2 Re8 22. a5 cxb4 23. Bf4 Qe7 24. Qxb4 bxa5 25. Qxd6 Qf7 26. Qc7 a4 27. Qxf7+ Kxf7 28. Bd6 Rd8 29. Ba3 Ne8 30. c5 Nc7 31. d6 Nb5 32. Bxb5 axb5 33. c6 Be5 34. d7 Ba6 35. Bb4 Bc7 36. Nc3 Be5 37. Re1 Bf6 38. Nd5 Bb2 39. Re7+ 1-0

[Event "ARG-ch Amateur"]
[Site "Termas de Rio Hondo"]
[Date "2019.11.17"]
[Round "6"]
[White "Daneri, Martin"]
[Black "Jimenez, Joaquin Rodrigo"]
[Result "1/2-1/2"]
[WhiteElo "2038"]
[BlackElo "2288"]
[PlyCount "110"]
[EventDate "2019.11.15"]
[EventType "swiss"]
[EventRounds "7"]
[EventCountry "ARG"]
[SourceTitle "CBM 193 Extra"]
[Source "ChessBase"]
[SourceDate "2020.01.31"]
[SourceVersion "1"]
[SourceVersionDate "2020.01.31"]
[SourceQuality "1"]

1. b3 e5 2. Bb2 Nc6 3. e3 Nf6 4. Bb5 Bd6 5. Bxc6 dxc6 6. d3 0-0 7. e4 Re8 8. Nd2 b5 9. Ne2 Nh5 10. 0-0 Qg5 11. Nf3 Qg6 12. Kh1 Bg4 13. Nfg1 Nf4 14. Nxf4 exf4 15. f3 Bd7 16. d4 Qh5 17. c4 Rad8 18. c5 Bf8 19. Qd2 g5 20. a4 Be6 21. d5 cxd5 22. Qd4 f6 23. Qxf6 Qg6 24. Qxg6+ hxg6 25. Bf6 dxe4 26. Bxd8 Rxd8 27. fxe4 Bxb3 28. axb5 Bxc5 29. Nf3 g4 30. Ne5 f3 31. gxf3 gxf3 32. Rxf3 Bc2 33. Re1 Bb4 34. Ree3 Bd2 35. Nxg6 Bxe3 36. Ne7+ Kh7 37. Rxe3 Re8 38. Nd5 Kg6 39. Nc3 Kg5 40. Kg2 Kf4 41. Kf2 Ke5 42. Nd5 Rh8 43. Nxc7 Bxe4 44. Ra3 Rxh2+ 45. Kg3 Rg2+ 46. Kh3 Rg6 47. Ra6 Rb6 48. Kg3 Rb7 49. Re6+ Kf5 50. Re7 Kf6 51. Rxe4 Rxc7 52. Kf3 Rb7 53. Ke3 Rb6 54. Kd3 Kf5 55. Re8 Rxb5 1/2-1/2

[Event "Judewicz Memorial U2200 sf 6th"]
[Site "Mar del Plata"]
[Date "2019.09.20"]
[Round "2.2"]
[White "Farace, Daniel Guillermo"]
[Black "Daneri, Martin"]
[Result "0-1"]
[WhiteElo "1826"]
[BlackElo "2063"]
[PlyCount "74"]
[EventDate "2019.09.20"]
[EventType "swiss"]
[EventRounds "7"]
[EventCountry "ARG"]
[SourceTitle "EXT 2024"]
[Source "ChessBase"]
[SourceDate "2023.10.10"]
[SourceVersion "1"]
[SourceVersionDate "2023.10.10"]
[SourceQuality "1"]

1. d4 e6 2. e4 c5 3. d5 exd5 4. exd5 d6 5. Bb5+ Nd7 6. a4 Be7 7. Bd2 Ngf6 8. Bc3 0-0 9. a5 Ne4 10. Ne2 Bf6 11. 0-0 Nxc3 12. Nbxc3 Ne5 13. Ng3 g6 14. Be2 h5 15. Nge4 Bg7 16. Nb5 Ng4 17. h3 Nh6 18. c3 Nf5 19. g4 hxg4 20. hxg4 a6 21. gxf5 axb5 22. Ng3 Be5 23. f4 Qh4 24. Qd3 Bxf4 25. Rxf4 Qxf4 26. fxg6 c4 27. Qf3 Qxf3 28. Bxf3 fxg6 29. Kg2 Bf5 30. Ne2 Ra7 31. Nd4 Bd7 32. Be2 Rfa8 33. b4 b6 34. Bf3 bxa5 35. Nc6 Bxc6 36. dxc6 axb4 37. Rd1 bxc3 0-1

[Event "La Cumbre Turistic"]
[Site "La Cumbre"]
[Date "2019.09.11"]
[Round "5"]
[White "Pereyra, Alex"]
[Black "Daneri, Martin"]
[Result "1-0"]
[WhiteElo "1711"]
[BlackElo "2063"]
[PlyCount "71"]
[EventDate "2019.09.09"]
[EventType "tourn"]
[EventRounds "9"]
[EventCountry "ARG"]
[SourceTitle "CBM 192 Extra"]
[Source "Chessbase"]
[SourceDate "2019.11.06"]
[SourceVersion "1"]
[SourceVersionDate "2019.11.06"]
[SourceQuality "1"]

1. d4 c5 2. d5 Nf6 3. Nc3 g6 4. e4 d6 5. Bb5+ Nfd7 6. a4 Bg7 7. Nf3 0-0 8. 0-0 Na6 9. Bf4 Nc7 10. Bd3 b6 11. Qd2 a6 12. Bh6 Rb8 13. Bxg7 Kxg7 14. Qe2 Bb7 15. Bc4 f6 16. Nd2 Ne5 17. b3 Qd7 18. f4 Nxc4 19. bxc4 e6 20. Rab1 exd5 21. exd5 Ba8 22. Qd3 Qf7 23. Nde4 Rfd8 24. f5 g5 25. Qg3 Qd7 26. Rbe1 h6 27. h4 Kf7 28. hxg5 hxg5 29. Nxf6 Kxf6 30. Re6+ Kf7 31. Qxg5 Ne8 32. Rfe1 Rb7 33. f6 b5 34. Qh5+ Kf8 35. Rxe8+ Rxe8 36. Qh8+ 1-0

[Event "La Cumbre Turistic"]
[Site "La Cumbre"]
[Date "2019.09.10"]
[Round "3"]
[White "Daneri, Martin"]
[Black "Brizzi, Milagros Tatiana"]
[Result "0-1"]
[WhiteElo "2063"]
[BlackElo "2027"]
[PlyCount "68"]
[EventDate "2019.09.09"]
[EventType "tourn"]
[EventRounds "9"]
[EventCountry "ARG"]
[SourceTitle "CBM 192 Extra"]
[Source "Chessbase"]
[SourceDate "2019.11.06"]
[SourceVersion "1"]
[SourceVersionDate "2019.11.06"]
[SourceQuality "1"]

1. d4 d5 2. Nf3 Nf6 3. Bf4 e6 4. Nbd2 c5 5. e3 Bd6 6. Bg3 Nc6 7. c3 0-0 8. Bd3 b6 9. Ne5 Bb7 10. f4 Ne7 11. Qf3 Nf5 12. Bf2 Be7 13. 0-0-0 Nd6 14. Bh4 Nfe4 15. Bxe7 Qxe7 16. Kb1 a5 17. h4 c4 18. Bc2 b5 19. Nxe4 Nxe4 20. Bxe4 dxe4 21. Qe2 Bd5 22. Ka1 Rfb8 23. h5 f6 24. Ng4 b4 25. Qc2 a4 26. cxb4 Rxb4 27. Qc3 a3 28. Rd2 axb2+ 29. Rxb2 Rb3 30. Qc2 Rxb2 31. Kxb2 Qa3+ 32. Ka1 c3 33. h6 Bxa2 34. Qc1 Qa5 0-1

[Event "Valeria del Mar op"]
[Site "Valeria del Mar"]
[Date "2019.09.08"]
[Round "5.2"]
[White "Daneri, Martin"]
[Black "Galan, Jorge Alonso"]
[Result "1-0"]
[WhiteElo "2063"]
[BlackElo "1985"]
[PlyCount "36"]
[EventDate "2019.09.06"]
[EventType "swiss"]
[EventRounds "6"]
[EventCountry "ARG"]
[SourceTitle "EXT 2024"]
[Source "ChessBase"]
[SourceDate "2023.10.10"]
[SourceVersion "1"]
[SourceVersionDate "2023.10.10"]
[SourceQuality "1"]

1. d4 Nf6 2. Nf3 e6 3. Bf4 c5 4. e3 Qb6 5. Nc3 cxd4 6. exd4 Bb4 7. Bd3 Nc6 8. a3 Bxc3+ 9. bxc3 Qa5 10. Bd2 b6 11. 0-0 Bb7 12. Re1 Rc8 13. c4 Qa4 14. Qe2 a6 15. Reb1 0-0 16. Bb4 Rfe8 17. Bd6 h6 18. h4 Qa5 1-0

[Event "Valeria del Mar op"]
[Site "Valeria del Mar"]
[Date "2019.09.07"]
[Round "4.1"]
[White "Hobaica, Juan Pablo"]
[Black "Daneri, Martin"]
[Result "1-0"]
[WhiteElo "2395"]
[BlackElo "2063"]
[PlyCount "40"]
[EventDate "2019.09.06"]
[EventType "swiss"]
[EventRounds "6"]
[EventCountry "ARG"]
[SourceTitle "EXT 2024"]
[Source "ChessBase"]
[SourceDate "2023.10.10"]
[SourceVersion "1"]
[SourceVersionDate "2023.10.10"]
[SourceQuality "1"]

1. e4 e6 2. d4 d5 3. Nc3 Bb4 4. a3 Bxc3+ 5. bxc3 dxe4 6. Qg4 Nf6 7. Qxg7 Rf8 8. Qh6 c5 9. Bb2 Nbd7 10. Nh3 Qe7 11. g3 b6 12. Bg2 Bb7 13. 0-0-0 0-0-0 14. Rhe1 Ng4 15. Qf4 f5 16. f3 exf3 17. Bxf3 Bxf3 18. Qxf3 Qd6 19. Nf4 e5 20. dxc5 e4 1-0

[Event "Villa Tehuelches op 5th"]
[Site "Villa Tehuelches"]
[Date "2019.07.14"]
[Round "7"]
[White "Daneri, Martin"]
[Black "Abdala Mardones, Jaime Patricio"]
[Result "1-0"]
[WhiteElo "2040"]
[BlackElo "1414"]
[PlyCount "73"]
[EventDate "2019.07.11"]
[EventType "swiss"]
[EventRounds "7"]
[EventCountry "CHI"]
[SourceTitle "EXT 2020"]
[Source "ChessBase"]
[SourceDate "2019.10.17"]
[SourceVersion "1"]
[SourceVersionDate "2019.10.17"]
[SourceQuality "1"]

1. d4 g6 2. c4 Bg7 3. Nc3 b6 4. e4 Bb7 5. Be3 d6 6. Qd2 Nf6 7. f3 0-0 8. Nge2 e5 9. d5 Nbd7 10. h4 h5 11. Nc1 Kh7 12. Bg5 Qe8 13. Be2 Ng8 14. g4 Bh6 15. gxh5 gxh5 16. Bd3 f6 17. Be3 Nc5 18. Bc2 Qg6 19. Kf2 Bxe3+ 20. Qxe3 Qh6 21. N1e2 Qxe3+ 22. Kxe3 Nh6 23. Ng3 Rg8 24. Rhg1 Rg6 25. Nxh5 Rag8 26. Ne2 Nd7 27. b4 Nf7 28. Nhg3 Kh8 29. Nf5 Rxg1 30. Rxg1 Rxg1 31. Nxg1 Nf8 32. Ba4 Ng6 33. Ne2 Kh7 34. Be8 Nh6 35. Neg3 Bc8 36. Bxg6+ Kxg6 37. Ne7+ 1-0

[Event "Villa Tehuelches op 5th"]
[Site "Villa Tehuelches"]
[Date "2019.07.13"]
[Round "5"]
[White "Gallardo Rojel, Alejandro"]
[Black "Daneri, Martin"]
[Result "0-1"]
[WhiteElo "1754"]
[BlackElo "2040"]
[PlyCount "56"]
[EventDate "2019.07.11"]
[EventType "swiss"]
[EventRounds "7"]
[EventCountry "CHI"]
[SourceTitle "CBM 191 Extra"]
[Source "ChessBase"]
[SourceDate "2019.09.30"]
[SourceVersion "1"]
[SourceVersionDate "2019.09.30"]
[SourceQuality "1"]

1. c4 e5 2. Nc3 Nc6 3. g3 Bb4 4. Bg2 Bxc3 5. bxc3 Nge7 6. e3 d6 7. Ne2 Be6 8. d3 Qd7 9. Rb1 Rb8 10. 0-0 Bh3 11. d4 b6 12. Qa4 0-0 13. Bxh3 Qxh3 14. Ba3 Rbd8 15. Rfd1 Qd7 16. Qc2 Qc8 17. Qa4 f6 18. c5 bxc5 19. dxc5 d5 20. e4 dxe4 21. Qc4+ Kh8 22. Bb4 g6 23. Kg2 h6 24. Ng1 Rxd1 25. Rxd1 Rd8 26. Rxd8+ Qxd8 27. Ba3 Qd2 28. Qxe4 Qxc3 0-1